000 01457nam2a22002411 4500
001 rc\2154693
005 20250623013728.0
035 _a(NLR Aleph) 006513156
090 _a6351622
_c6351622
100 _a20110829d1978 |||y0rusy50 ca
101 0 _arus
102 _aRU
105 _aa z |||||
200 1 _aТегеранская конференция руководителей трех союзных держав - СССР, США и Великобритании (28 ноября - 1 декабря 1943 г.)
210 _d1978
_aБ. м.
215 _a198 с., 2 л. ил.
_d20
320 _aУказ. предм.-темат. и имен: с. 188-193
461 0 _1001rc\1136442
_12001#$aСоветский Союз на международных конференциях периода Великой Отечественной войны 1941-1945 гг.$eСб. документов$e[В 6-ти т.]$fМ-во иностр. дел СССР$g[Гл. ред. комис.: А.А. Громыко (гл. ред.) и др.]$vТ. 2
_97935207
_cМ.
_d1980-
_fМ-во иностр. дел СССР
_nПолитиздат
_oСб. документов : [В 6-ти т.]
_tСоветский Союз на международных конференциях периода Великой Отечественной войны 1941-1945 гг.
_vТ. 2
801 0 _aRU
_bNLR
_gpsbo
801 1 _aRU
_bELAR
_2rusmarc
852 _aNLR
_j79-3/546
942 _cBOOK
980 _aNB